000 00919nam a2200289 a 4500
001 25082
003 CO-ViMGA
005 20230915232041.0
008 141112s2004 ck r 000 u spa d
020 _a9788449440847
040 _aCO-ViMGA
_bspa
_cCO-ViMGA
041 _aspa
043 _as - uy - - -
082 0 4 _aI863.6 G87n1 19
100 1 _aGusti, 1963 -
_9781
245 1 0 _aNino :
_bel rey de todo el mundo /
_cGusti.
250 _aEdición Daniel Goldin.
260 _aBarcelona :
_bOcéano,
_c2010.
300 _a[42] p. : il. ; 28 cm.
490 _aTravesía
650 1 4 _aLibros ilustrados para niños.
_92001
650 1 4 _aLiteratura infantil
_92746
700 1 _aGoldin, Daniel, ed.
_938208
852 _1.908.96
942 _2ddc
_cBK
949 _an n
999 _c32716
_d32716